[Event "Regionalliga NO 0607"]
[Site "Bayern"]
[Date "2007.04.22"]
[Round "9.1"]
[White "Steinbacher, Matthias"]
[Black "Palkovi, Jozsef"]
[Result "1-0"]
[WhiteElo "2262"]
[BlackElo "2389"]
[PlyCount "125"]
[EventDate "2006.10.15"]
[EventType "team-tourn"]
[EventRounds "9"]
[EventCountry "GER"]
[SourceTitle "EXT 2008"]
[Source "ChessBase"]
[SourceDate "2007.11.25"]
[SourceVersion "1"]
[SourceVersionDate "2007.11.25"]
[SourceQuality "1"]
[WhiteTeam "Altensittenbach"]
[BlackTeam "Schwandorf"]
[WhiteTeamCountry "GER"]
[BlackTeamCountry "GER"]

1. d4 Nf6 2. c4 e6 3. Nf3 c5 4. d5 exd5 5. cxd5 d6 6. e4 g6 7. Nc3 Bg7 8. Be2 0-0 9. 0-0 a6 10. a4 Bg4 11. Nd2 Bxe2 12. Qxe2 Nbd7 13. Nc4 Nb6 14. Ne3 Qe7 15. a5 Nbd7 16. Nc4 Ne5 17. Nb6 Rae8 18. Bg5 h6 19. Bh4 g5 20. Bg3 Ng6 21. Nc4 Nf4 22. Bxf4 gxf4 23. Qf3 Nxe4 24. Qxf4 Qf6 25. Qxf6 Bxf6 26. Rac1 Nxc3 27. bxc3 Re2 28. f3 Rd8 29. Rf2 Re7 30. Kf1 Kf8 31. Re2 Ke8 32. Rxe7+ Kxe7 33. Ke2 Kd7 34. Kd3 h5 35. g3 Kc7 36. Re1 Rg8 37. Re4 Bd8 38. Rf4 Rg7 39. Rf5 h4 40. g4 Kd7 41. h3 Be7 42. f4 Rh7 43. Kc2 Bd8 44. Kb3 Be7 45. Nd2 Bd8 46. Ne4 Ke7 47. Ka4 Rh6 48. Ng5 Rf6 49. Rxf6 Kxf6 50. Ne4+ Ke7 51. f5 Bc7 52. g5 Kf8 53. Nd2 Bd8 54. f6 Kg8 55. Nf3 Kh7 56. Nxh4 Bc7 57. c4 Bb8 58. Ng2 Kg6 59. h4 Kf5 60. Nf4 Bc7 61. Ne6 Bb8 62. h5 Ba7 63. h6 1-0

[Event "Regionalliga NO 0607"]
[Site "Bayern"]
[Date "2006.11.19"]
[Round "3.1"]
[White "Steinbacher, Matthias"]
[Black "Fischer, Markus"]
[Result "1-0"]
[WhiteElo "2262"]
[BlackElo "2141"]
[PlyCount "63"]
[EventDate "2006.10.15"]
[EventType "team-tourn"]
[EventRounds "9"]
[EventCountry "GER"]
[SourceTitle "EXT 2008"]
[Source "ChessBase"]
[SourceDate "2007.11.25"]
[SourceVersion "1"]
[SourceVersionDate "2007.11.25"]
[SourceQuality "1"]
[WhiteTeam "Altensittenbach"]
[BlackTeam "Weiden"]
[WhiteTeamCountry "GER"]
[BlackTeamCountry "GER"]

1. d4 Nf6 2. c4 g6 3. Nc3 Bg7 4. e4 d6 5. f3 0-0 6. Be3 Nc6 7. Nge2 a6 8. Nc1 e5 9. d5 Nd4 10. N1e2 Nxe2 11. Bxe2 Nh5 12. Qd2 Qh4+ 13. Bf2 Qf4 14. Be3 Qh4+ 15. Bf2 Qf4 16. Qxf4 Nxf4 17. 0-0 Bh6 18. Rfe1 Nxe2+ 19. Rxe2 Bd7 20. a4 f5 21. a5 Rf7 22. Ra3 Raf8 23. Rb3 Bc8 24. c5 Bg5 25. Rb4 Bd8 26. Rc4 Bd7 27. cxd6 cxd6 28. Bb6 fxe4 29. Rexe4 Bf5 30. Re1 Bd3 31. Rb4 Bh4 32. Rxh4 1-0

[Event "Landesliga Nord 0506"]
[Site "Bayern"]
[Date "2006.01.29"]
[Round "6.1"]
[White "Kraeussling, Andreas"]
[Black "Steinbacher, Matthias"]
[Result "1/2-1/2"]
[WhiteElo "2133"]
[BlackElo "2240"]
[PlyCount "94"]
[EventDate "2005.10.23"]
[EventType "team"]
[EventRounds "9"]
[EventCountry "GER"]
[SourceTitle "EXT 2007"]
[Source "ChessBase"]
[SourceDate "2006.11.23"]
[SourceVersion "1"]
[SourceVersionDate "2006.11.23"]
[SourceQuality "1"]

1. d4 Nf6 2. c4 g6 3. Nc3 Bg7 4. e4 d6 5. Be2 0-0 6. Nf3 e5 7. dxe5 dxe5 8. Qxd8 Rxd8 9. Bg5 c6 10. 0-0 Nbd7 11. Rfd1 Re8 12. Nd2 Nc5 13. Be3 Bf8 14. f3 Nfd7 15. Bf2 a5 16. Nb3 a4 17. Nxc5 Nxc5 18. Bf1 Ne6 19. Ne2 Ra5 20. Bb6 Ra6 21. Be3 Bc5 22. Bxc5 Nxc5 23. Rac1 Rb6 24. Rd2 Kf8 25. Rc3 Ke7 26. Nc1 Be6 27. Nd3 Rd8 28. Kf2 Rd4 29. Ke3 Nxd3 30. Bxd3 c5 31. g4 Rbd6 32. Rdc2 Bd7 33. h4 Rf6 34. Rh2 h5 35. gxh5 gxh5 36. Rg2 Rg6 37. Rxg6 fxg6 38. Rc2 Rd6 39. Rg2 Rf6 40. Rg5 Kd6 41. Kf2 Be8 42. a3 Ke6 43. Kg3 Rf4 44. Bf1 Kd6 45. Bh3 Rf6 46. Bf1 Bf7 47. Bd3 Rf4 1/2-1/2

[Event "Nuremberg-ch op 05th"]
[Site "Nuremberg"]
[Date "2005.05.08"]
[Round "5"]
[White "Steinbacher, Matthias"]
[Black "Aronov, Maksym"]
[Result "0-1"]
[WhiteElo "2240"]
[BlackElo "2286"]
[PlyCount "76"]
[EventDate "2005.05.06"]
[EventType "swiss"]
[EventRounds "5"]
[EventCountry "GER"]
[SourceTitle "EXT 2007"]
[Source "ChessBase"]
[SourceDate "2006.11.23"]
[SourceVersion "1"]
[SourceVersionDate "2006.11.23"]
[SourceQuality "1"]

1. e4 e5 2. Nf3 Nc6 3. Bb5 a6 4. Ba4 Nf6 5. 0-0 b5 6. Bb3 Be7 7. Re1 0-0 8. c3 d6 9. h3 Na5 10. Bc2 c5 11. d4 Qc7 12. Nbd2 Bd7 13. Nf1 Rac8 14. Ne3 cxd4 15. cxd4 Nc4 16. Nxc4 bxc4 17. Bd2 Rfe8 18. Bc3 Bd8 19. Qd2 Qb8 20. Rad1 Bc7 21. Nh4 Be6 22. Ba4 Rf8 23. d5 Bd7 24. Bxd7 Nxd7 25. Nf5 Bd8 26. Qe2 g6 27. Ne3 Qb5 28. Ra1 Bg5 29. a4 Qc5 30. Nc2 f5 31. Bb4 Qc7 32. exf5 Rxf5 33. Bd2 Bxd2 34. Qxd2 Nc5 35. Qc3 Nd3 36. Ne3 Rxf2 37. Red1 Re2 38. Qxc4 Rxe3 0-1

[Event "Nuremberg-ch op 05th"]
[Site "Nuremberg"]
[Date "2005.05.07"]
[Round "2"]
[White "Pidtoptanyy, Igor"]
[Black "Steinbacher, Matthias"]
[Result "0-1"]
[WhiteElo "1851"]
[BlackElo "2240"]
[PlyCount "110"]
[EventDate "2005.05.06"]
[EventType "swiss"]
[EventRounds "5"]
[EventCountry "GER"]
[SourceTitle "EXT 2007"]
[Source "ChessBase"]
[SourceDate "2006.11.23"]
[SourceVersion "1"]
[SourceVersionDate "2006.11.23"]
[SourceQuality "1"]

1. e4 c5 2. c3 e6 3. d4 d5 4. exd5 exd5 5. Bb5+ Nc6 6. Qe2+ Qe7 7. Bg5 Qxe2+ 8. Nxe2 cxd4 9. Nxd4 Bd7 10. Nf3 Bc5 11. Nbd2 f6 12. Nb3 Bb6 13. Bf4 Nge7 14. 0-0 0-0-0 15. Rac1 g5 16. Bd6 Nf5 17. Bc5 Na5 18. Bxd7+ Rxd7 19. Bxb6 Nxb3 20. axb3 axb6 21. Rfe1 Re7 22. Rxe7 Nxe7 23. Nd4 Kd7 24. Ra1 Nc6 25. Nxc6 Kxc6 26. f4 Re8 27. fxg5 fxg5 28. Kf2 b5 29. b4 h5 30. Rd1 Kd6 31. Rd3 Re4 32. h3 Ke5 33. g3 d4 34. Kf3 g4+ 35. hxg4 hxg4+ 36. Kf2 Kd5 37. b3 b6 38. Rd1 Ke5 39. c4 d3 40. Rxd3 bxc4 41. bxc4 Rxc4 42. Rd8 Rxb4 43. Rf8 b5 44. Rg8 Rb2+ 45. Ke3 Rb3+ 46. Ke2 Rxg3 47. Rg5+ Kf4 48. Rxb5 Rf3 49. Rb1 Kg3 50. Rg1+ Kh3 51. Ke1 g3 52. Rh1+ Kg2 53. Rh8 Re3+ 54. Kd2 Kf2 55. Rg8 Rf3 0-1

[Event "Leutersdorf Muench Braeu op 10th"]
[Site "Leutersdorf"]
[Date "2005.02.??"]
[Round "6"]
[White "Duenzel, Jonas"]
[Black "Steinbacher, Matthias"]
[Result "0-1"]
[WhiteElo "1592"]
[BlackElo "2300"]
[PlyCount "44"]
[EventDate "2005.02.05"]
[EventType "swiss"]
[EventRounds "9"]
[EventCountry "GER"]
[SourceTitle "CBM 104 Extra"]
[Source "ChessBase"]
[SourceDate "2005.03.01"]
[SourceVersion "1"]
[SourceVersionDate "2005.03.01"]
[SourceQuality "1"]

1. e4 e6 2. d4 d5 3. Nd2 dxe4 4. Nxe4 Nf6 5. Nxf6+ Qxf6 6. Bd3 Nc6 7. Nf3 h6 8. c3 Bd6 9. Be3 0-0 10. Qc2 e5 11. 0-0-0 Bg4 12. Be2 exd4 13. Nxd4 Bxe2 14. Nxe2 Rfe8 15. h4 Re5 16. g4 Qe6 17. b3 Bc5 18. Nd4 Bxd4 19. cxd4 Ra5 20. Qb1 Nb4 21. Rd2 Qc6+ 22. Kd1 Qxh1+ 0-1

[Event "Leutersdorf Muench Braeu op 10th"]
[Site "Leutersdorf"]
[Date "2005.02.??"]
[Round "2"]
[White "Kalinitschew, Sergey"]
[Black "Steinbacher, Matthias"]
[Result "1-0"]
[WhiteElo "2516"]
[BlackElo "2300"]
[PlyCount "75"]
[EventDate "2005.02.05"]
[EventType "swiss"]
[EventRounds "9"]
[EventCountry "GER"]
[SourceTitle "CBM 104 Extra"]
[Source "ChessBase"]
[SourceDate "2005.03.01"]
[SourceVersion "1"]
[SourceVersionDate "2005.03.01"]
[SourceQuality "1"]

1. d4 Nf6 2. c4 a6 3. Nc3 d5 4. cxd5 Nxd5 5. e4 Nxc3 6. bxc3 e5 7. Nf3 exd4 8. cxd4 Bb4+ 9. Bd2 Bxd2+ 10. Qxd2 0-0 11. Bc4 Bg4 12. Ne5 Bh5 13. Rb1 Nc6 14. Nxc6 bxc6 15. 0-0 Qd6 16. f3 c5 17. Rfd1 Rab8 18. Rxb8 Rxb8 19. Qg5 Qh6 20. Qxh6 gxh6 21. dxc5 Rb2 22. h4 Bg6 23. Bb3 a5 24. Rd8+ Kg7 25. Ra8 Kf6 26. Rxa5 Ke7 27. Ra7 Kd8 28. Bd5 Rc2 29. c6 h5 30. a4 f5 31. a5 fxe4 32. fxe4 Re2 33. Kf1 Re3 34. Kf2 Ra3 35. a6 h6 36. Ra8+ Ke7 37. a7 Be8 38. Ke2 1-0

[Event "Leutersdorf Muench Braeu op 10th"]
[Site "Leutersdorf"]
[Date "2005.02.??"]
[Round "5"]
[White "Steinbacher, Matthias"]
[Black "Graf, Felix"]
[Result "0-1"]
[WhiteElo "2300"]
[BlackElo "2094"]
[PlyCount "106"]
[EventDate "2005.02.05"]
[EventType "swiss"]
[EventRounds "9"]
[EventCountry "GER"]
[SourceTitle "CBM 104 Extra"]
[Source "ChessBase"]
[SourceDate "2005.03.01"]
[SourceVersion "1"]
[SourceVersionDate "2005.03.01"]
[SourceQuality "1"]

1. e4 e6 2. d4 d5 3. Nc3 Bb4 4. e5 Ne7 5. a3 Bxc3+ 6. bxc3 c5 7. h4 Bd7 8. h5 h6 9. Qg4 Qa5 10. Rh3 Nbc6 11. Qxg7 0-0-0 12. Bd2 Qa4 13. Qf6 cxd4 14. Bd3 dxc3 15. Bxc3 d4 16. Bb2 Nd5 17. Qh4 Rhg8 18. Nf3 Rxg2 19. Rg3 Rxg3 20. Qxg3 Qa5+ 21. Kf1 Qb6 22. Bc1 Nce7 23. Bxh6 Bb5 24. Nh4 Bxd3+ 25. cxd3 Qb2 26. Re1 Qxa3 27. Bg7 Nb4 28. h6 Qxd3+ 29. Qxd3 Nxd3 30. h7 Nxe1 31. Kxe1 Kd7 32. h8Q Rxh8 33. Bxh8 Kc6 34. Bf6 Ng6 35. Nxg6 fxg6 36. Kd2 Kd5 37. Kd3 b5 38. f4 b4 39. Be7 b3 40. Ba3 g5 41. fxg5 Kxe5 42. Be7 Kf5 43. Bc5 e5 44. Ba3 Kxg5 45. Kc4 Kf4 46. Kxb3 Ke3 47. Bc5 Kd2 48. Bd6 e4 49. Kc4 d3 50. Kd4 Kc2 51. Bb4 d2 52. Bxd2 Kxd2 53. Kxe4 Kc3 0-1